Statistics for NBC's top 25 current NBA Players

Click here to take the quiz!

General Stats

  • This quiz has been taken 55 times
  • The average score is 24 of 25

Answer Stats

RankPlayerTeam% Correct
4James hardenRockets
100%
8Joel Embiid76ers
100%
1Kawhi LeonardClippers
100%
2Lebron JamesLakers
100%
5Stephen CurryWarriors
100%
6Anthony DavisLakers
98%
12Damian LillardTrail Blazers
98%
3Giannis AntetokounmpoBucks
98%
10Kevin DurantNets
98%
9Russell WestbrookRockets
98%
16Bradley BealWizards
96%
21Chris PaulThunder
96%
20Klay ThompsonWarriors
96%
13Kyrie IrvingNets
96%
11Nikola JokicNuggets
96%
7Paul GeorgeClippers
96%
24Devin BookerSuns
94%
15Draymond GreenWarriors
94%
14Jimmy ButlerHeat
94%
18Karl Anthony-townsTimberwolves
94%
17Donovan MitchellJazz
92%
25Rudy GobertJazz
92%
22Ben Simmons76ers
90%
23Kemba WalkerCeltics
80%
19Victor OladipoPacers
76%

Score Distribution

Percentile by Number Answered

Percent of People with Each Score

Your Score History

You have not taken this quiz